Arms-commander #16 / L.E. Modesitt, Jr.
Available copies
- 1 of 1 copy available at LARL/NWRL Consortium.
- 1 of 1 copy available at Lake Agassiz Regional Library. (Show preferred library)
Current holds
0 current holds with 1 total copy.
Show All Copies
| Location | Call Number / Copy Notes | Barcode | Shelving Location | Status | Due Date |
|---|---|---|---|---|---|
| Moorhead Public Library | SF MOD (Text) | 33500010319077 | Main | Available | - |
Record details
- ISBN: 9780765323811
- ISBN: 0765323818
- Physical Description: 527 p. : map ; 25 cm.
- Edition: 1st ed.
- Publisher: New York : Tor, 2010, c2009.
Content descriptions
| General Note: | "A Tom Doherty Associates book." |
| Summary, etc.: | Saryn, Arms-Commander of Westwind, is dispatched ... Read More |
Search for related items by subject
| Subject: | Adult Science Fiction Recluce (Imaginary place) > Fiction. |
| Genre: | Fantasy fiction. |
Search for related items by series
| LDR | 01400cam a22003618a 4500 | ||
|---|---|---|---|
| 001 | 112556 | ||
| 003 | LARL_NWRL_CONSORTIUM | ||
| 005 | 20100113090522.0 | ||
| 008 | 090902t20102009nyub 000 1 eng | ||
| 015 | . | ‡aGBA9A4251 ‡2bnb | |
| 016 | 7 | . | ‡a015402702 ‡2Uk |
| 020 | . | ‡a9780765323811 | |
| 020 | . | ‡a0765323818 | |
| 035 | . | ‡a(OCoLC)428026846 | |
| 082 | 0 | 0. | ‡a813/.54 ‡222 |
| 100 | 1 | . | ‡aModesitt, L. E. ‡0(LARL_NWRL_CONSORTIUM)99312 |
| 245 | 1 | 0. | ‡aArms-commander ‡n#16 / ‡cL.E. Modesitt, Jr. |
| 250 | . | ‡a1st ed. | |
| 260 | . | ‡aNew York : ‡bTor, ‡c2010, c2009. | |
| 300 | . | ‡a527 p. : ‡bmap ; ‡c25 cm. | |
| 490 | 0 | . | ‡aSaga of Recluce ; ‡v16 |
| 500 | . | ‡a"A Tom Doherty Associates book." | |
| 520 | . | ‡aSaryn, Arms-Commander of Westwind, is dispatched to a neighboring land, Lornth, to seek support against the Gallosians while the trading council of Suthya forms a secret alliance with Gallos against Westwind. | |
| 650 | . | ‡aAdult Science Fiction | |
| 650 | 0. | ‡aRecluce (Imaginary place) ‡vFiction. | |
| 655 | 7. | ‡aFantasy fiction. ‡2gsafd | |
| 901 | . | ‡a112556 ‡bOCLC ‡c112556 ‡tbiblio | |

Add to basket
Permalink
Disable Highlighting